00269 a2200121 4500001000700000020001800007040001100025100002000036240004000056245003500096300000700131362000900138190467 a0-340-72654-7 cMagnum aNewman, Nanette10aUp to the skies and down againlING10aUp to the skies and down again a230 a1999